000 02352nam1a22003731i 4500
001 v19\rc\2110580
005 20260407080801.0
035 _a(NLR Aleph) 005185917
090 _a5165578
_c5165578
100 _a20090914d1803 m||y0rusy50 ca
101 1 _arus
_cger
102 _aRU
140 _ay y ka yaa0000
200 1 _aПервоначальныя основания аптекарскаго искуства или Руководство для начинающих учиться фармации.
_fСочинение Сигизмунда Фридриха Гермбстедта.
_gПеревел с немецкаго аптекарь Иван Янжул-Михайловский
210 _aВ Санктпетербурге
_cв типографии Государственной Медицинской коллегии
_d1803
215 _d
300 _aЗагл. ориг. : Ketechismus der Apothekerkunst, oder die ersten Grundsдtze der Pharmacie fьr Anfдnger
300 _aНа с.[3-6] 1-го ряда ч.1 посвящ. пер. В.П.Кочубею
300 _aВ конце предисл на с.IV ч.1: Санкт-Петербург. Адмиралтейская гошпиталь. 1803 года, июня 18 дня
517 0 _aРуководство для начинающих учиться фармации
518 1 _aПервоначальные основания аптекарского искусства или Руководство для начинающих учиться фармации
620 _aСанкт-Петербург
700 1 _6z01790
_aХермбштет
_bС.Ф.
_f1760-1833
_gСигизмунд Фридрих
702 1 _6z02790
_aЯнжул-Михайловский
_bИ.
_gИван
_4730
702 1 _4280
_7ca
_8rus
_aКочубей
_bВ. П.
_f1768-1834
_gВиктор Павлович
_9165590
_3RU\NLR\AUTH\770165637
712 0 1 _4610
_aРоссия
_bМедицинская коллегия
_bТипография
_3RU\NLR\AUTH\886323
_9284448
790 1 _6z01700
_aГермбстедт
_bС.Ф.
_f1760-1833
_gСигизмунд Фридрих
790 1 _6z02702
_aМихайловский
_bИ.
_gИван
801 0 _aRU
_bNLR
_gpsbo
801 1 _aRU
_bProSoft-M
_2rusmarc
852 _aNLR
_j18.3.7.45
852 _aNLR
_j138/363
942 _cBOOK